| 000 | 00660nam a22002297a 4500 | ||
|---|---|---|---|
| 003 | PE SENCICO BE | ||
| 005 | 20251020182637.0 | ||
| 008 | 230516b |||||||| |||| 00| 0 eng d | ||
| 040 |
_aPE SENCICO BE _cPE SENCICO BE |
||
| 041 |
_aita _aeng _adeu |
||
| 082 |
_a747 _bS37 |
||
| 100 | 1 |
_91041 _aSelva, Philipp _eautor |
|
| 245 | 1 |
_aPhillip Selva home / _cPhilipp Selva |
|
| 250 | _a[1st ed.] | ||
| 260 |
_a[Italia] : _bFotolito Longo, _c[2009] |
||
| 300 |
_a299 p. : _bil., col., lams. ; _c30 cm. |
||
| 650 | 1 | 4 |
_944 _aDiseño de interiores |
| 650 | 2 | 4 |
_9239 _aMuebles |
| 650 | 2 | 4 |
_925 _aDecoración de interiores |
| 910 |
_bhfp _chfp |
||
| 942 |
_2ddc _cLIB |
||
| 999 |
_c4156 _d4156 |
||